[Event "PER-ch"]
[Site "Lima"]
[Date "2023.09.01"]
[Round "5"]
[White "Santiago Lastra, Nefi"]
[Black "Salinas Gonzales, Eliseo Mequias"]
[Result "1-0"]
[WhiteElo "1906"]
[BlackElo "1640"]
[PlyCount "65"]
[EventDate "2023.08.29"]
[EventType "swiss"]
[EventRounds "9"]
[EventCountry "PER"]
[SourceTitle "EXT 2024"]
[Source "ChessBase"]
[SourceDate "2023.10.10"]
[SourceVersion "1"]
[SourceVersionDate "2023.10.10"]
[SourceQuality "1"]

1. c4 Nf6 2. Nc3 c5 3. e4 Nc6 4. g3 g6 5. Bg2 Bg7 6. Nge2 0-0 7. 0-0 d6 8. h3 Be6 9. d3 Qd7 10. Kh2 Ne8 11. g4 Kh8 12. Ng3 Nd4 13. f4 f5 14. exf5 gxf5 15. g5 Bf7 16. Be3 Nc7 17. Rb1 Rab8 18. Nh5 Bxh5 19. Qxh5 e6 20. Rf2 b5 21. g6 Bf6 22. Rg1 b4 23. Ne2 Nc2 24. Bc1 b3 25. axb3 Rxb3 26. Bc6 Qg7 27. Ba4 Nd4 28. Bxb3 Nxb3 29. Rfg2 Na6 30. gxh7 Qxh7 31. Qf3 Nb4 32. Rg6 Nc2 33. Rxf6 1-0

[Event "PER-ch"]
[Site "Lima"]
[Date "2023.08.31"]
[Round "4"]
[White "Salinas Gonzales, Eliseo Mequias"]
[Black "Enciso Mamani, Aaron"]
[Result "1-0"]
[WhiteElo "1640"]
[BlackElo "1258"]
[PlyCount "51"]
[EventDate "2023.08.29"]
[EventType "swiss"]
[EventRounds "9"]
[EventCountry "PER"]
[SourceTitle "EXT 2024"]
[Source "ChessBase"]
[SourceDate "2023.10.10"]
[SourceVersion "1"]
[SourceVersionDate "2023.10.10"]
[SourceQuality "1"]

1. d4 Nf6 2. c4 c5 3. d5 g6 4. Nc3 Bg7 5. e4 d6 6. Bd3 Nbd7 7. f4 a6 8. Nf3 0-0 9. 0-0 Re8 10. h3 e6 11. e5 dxe5 12. fxe5 Nh5 13. g4 Ng3 14. Re1 exd5 15. Bf4 Ne4 16. Nxd5 f5 17. Bxe4 fxe4 18. Rxe4 b5 19. e6 Nf6 20. Bc7 Nxe4 21. Bxd8 Rxd8 22. Qe2 Bxe6 23. Qxe4 Bxd5 24. cxd5 Bxb2 25. Qe6+ Kh8 26. Re1 1-0